000 02818cam a2200337 4500500
005 20260322001952.0
041 _afre
042 _adc
100 1 0 _aKonan, Koffi Paulin
_eauthor
700 1 0 _aTraoré, Brahim Samuel
_eauthor
700 1 0 _aAhounou, Etobo Innocent
_eauthor
700 1 0 _aZiketo, Bla Désirée Sandrine
_eauthor
700 1 0 _aAka, Rita Ahou
_eauthor
700 1 0 _aYeo-Tenena, Yessonguilan
_eauthor
245 0 0 _aCybercrime and occult practices in Côte d’Ivoire: The case of adolescents in conflict with the law, commonly known as “microbes”
260 _c2022.
500 _a50
520 _aThis mixed prospective study aimed to study cybercrime and occult practices among adolescents in conflict with the law, commonly known as “microbes.” It focused on a sample of 38 participants selected by the reasoned choice technique. In addition to the documentary study, data collection was carried out using support groups and interviewing each individual through a questionnaire developed for this purpose. The results showed that all of our participants were male, 73.68% of them were out of school, and 26.32% graduated without a job. They were between 15 and 25 years old. They had all committed an offense of theft, 94.73% of them were perpetrators of assault and battery inflicted on another person, and 18.42% of these criminal acts led to homicides. In the quest for mystical powers to support their cyber-scam activities, 78.95% used the service of a marabout, 73.68% the service of a witch doctor, and 21.05% of them the support of a seer or a master of a mystical lodge. Although these occult practices obey the same principle, acts of “zamou” can take different forms. Thus, depending on the objects or the supports for putting into practice the “zamou” and the goal pursued, we determined two main types: “zamou” that aims to put a spell on the client to constrain him and extract money from him without any resistance, protection and supernatural favor; and “higher zamou” or “black magic,” which aims at enrichment through a supernatural power. In “higher zamou,” the objects requested for the implementation of these occult practices are of human origin. This reality is believed to be the main cause of the increase in these crimes.
690 _aadolescent
690 _aCôte d’Ivoire
690 _acybercrime
690 _aoccultism
690 _asocial environment
690 _aadolescent
690 _aCôte d’Ivoire
690 _acybercrime
690 _aoccultism
690 _asocial environment
786 0 _nL'information psychiatrique | Volume 98 | 1 | 2022-02-09 | p. 41-47 | 0020-0204
856 4 1 _uhttps://stm.cairn.info/journal-l-information-psychiatrique-2022-1-page-41?lang=en&redirect-ssocas=7080
999 _c1719390
_d1719390